<?xml version="1.0" encoding="UTF-8"?>
<record
    xmlns:xsi="http://www.w3.org/2001/XMLSchema-instance"
    xsi:schemaLocation="http://www.loc.gov/MARC21/slim http://www.loc.gov/standards/marcxml/schema/MARC21slim.xsd"
    xmlns="http://www.loc.gov/MARC21/slim">

  <leader>00956cam a22002531  4500</leader>
  <controlfield tag="001">pa 63000021 </controlfield>
  <controlfield tag="003">DLC</controlfield>
  <controlfield tag="005">20260227111856.0</controlfield>
  <controlfield tag="008">780328s1962    dcu          i00010 eng c</controlfield>
  <datafield tag="010" ind1=" " ind2=" ">
    <subfield code="a">pa 63000021 //r853</subfield>
  </datafield>
  <datafield tag="035" ind1=" " ind2=" ">
    <subfield code="a">ocl73721858 </subfield>
  </datafield>
  <datafield tag="040" ind1=" " ind2=" ">
    <subfield code="a">Pan American Union. Library</subfield>
    <subfield code="c">WMaUCS</subfield>
    <subfield code="d">WMaUCS</subfield>
  </datafield>
  <datafield tag="050" ind1="0" ind2=" ">
    <subfield code="a">F1405.5 1959</subfield>
    <subfield code="b">.O7 OEA/ser.I/I.4</subfield>
  </datafield>
  <datafield tag="110" ind1="2" ind2="0">
    <subfield code="a">Pan American Union.</subfield>
    <subfield code="b">Codification Division.</subfield>
  </datafield>
  <datafield tag="245" ind1="0" ind2="0">
    <subfield code="a">Basic documents [of the] Inter-American Council of Jurists and Inter-American Juridical Committee.</subfield>
  </datafield>
  <datafield tag="260" ind1="1" ind2=" ">
    <subfield code="a">Washington,</subfield>
    <subfield code="c">1962.</subfield>
  </datafield>
  <datafield tag="300" ind1=" " ind2=" ">
    <subfield code="a">iii, 32 p.</subfield>
    <subfield code="c">28 cm.</subfield>
  </datafield>
  <datafield tag="490" ind1="1" ind2=" ">
    <subfield code="a">OAS Official records,</subfield>
    <subfield code="v">OEA/Ser.I/I.4 (English)</subfield>
  </datafield>
  <datafield tag="490" ind1="1" ind2=" ">
    <subfield code="a">[Inter-American Council of Jurists] CIJ-66</subfield>
  </datafield>
  <datafield tag="710" ind1="2" ind2="0">
    <subfield code="a">Inter-American Council of Jurists.</subfield>
  </datafield>
  <datafield tag="710" ind1="2" ind2="0">
    <subfield code="a">Inter-American Juridical Committee.</subfield>
  </datafield>
  <datafield tag="830" ind1=" " ind2="0">
    <subfield code="a">OAS official records ;</subfield>
    <subfield code="v">OEA/Ser.I/I.4 (English)</subfield>
  </datafield>
  <datafield tag="810" ind1="2" ind2=" ">
    <subfield code="a">Inter-American Council of Jurists.</subfield>
    <subfield code="t">CIJ,</subfield>
    <subfield code="l">English,</subfield>
    <subfield code="v">66.</subfield>
  </datafield>
  <datafield tag="999" ind1=" " ind2=" ">
    <subfield code="c">51514</subfield>
    <subfield code="d">51514</subfield>
  </datafield>
</record>
